| 000 -LEADER |
| fixed length control field |
01372cam a2200349 a 4500 |
| 001 - CONTROL NUMBER |
| control field |
15613483 |
| 003 - CONTROL NUMBER IDENTIFIER |
| control field |
OSt |
| 005 - DATE AND TIME OF LATEST TRANSACTION |
| control field |
20230908151527.0 |
| 008 - FIXED-LENGTH DATA ELEMENTS--GENERAL INFORMATION |
| fixed length control field |
090205s2009 nyua c 000 1 eng |
| 010 ## - LIBRARY OF CONGRESS CONTROL NUMBER |
| LC control number |
2009003056 |
| 020 ## - INTERNATIONAL STANDARD BOOK NUMBER |
| International Standard Book Number |
9781416950257 |
| 040 ## - CATALOGING SOURCE |
| Original cataloging agency |
DLC |
| Transcribing agency |
DLC |
| Modifying agency |
DLC |
| -- |
KH8 |
| 042 ## - AUTHENTICATION CODE |
| Authentication code |
lcac |
| 082 00 - DEWEY DECIMAL CLASSIFICATION NUMBER |
| Classification number |
813.3 POE |
| Edition number |
22 |
| 100 1# - MAIN ENTRY--PERSONAL NAME |
| Personal name |
Poe, Edgar Allan, |
| Dates associated with a name |
1809-1849, |
| Relator term |
author. |
| 245 10 - TITLE STATEMENT |
| Title |
Edgar Allan Poe's tales of death and dementia / |
| Statement of responsibility, etc. |
Edgar Allan Poe ; illustrated by Gris Grimly. |
| 246 30 - VARYING FORM OF TITLE |
| Title proper/short title |
Tales of death and dementia |
| 250 ## - EDITION STATEMENT |
| Edition statement |
1st ed. |
| 260 ## - PUBLICATION, DISTRIBUTION, ETC. |
| Place of publication, distribution, etc. |
New York : |
| Name of publisher, distributor, etc. |
Atheneum Books for Young Readers, |
| Date of publication, distribution, etc. |
c2009. |
| 300 ## - PHYSICAL DESCRIPTION |
| Extent |
136 p. : |
| Other physical details |
col. ill. ; |
| Dimensions |
24 cm. |
| 505 0# - FORMATTED CONTENTS NOTE |
| Formatted contents note |
The tell-tale heart -- The system of Doctor Tarr and Professor Fether -- The oblong box -- The facts in the case of M. Valdemar. |
| 520 ## - SUMMARY, ETC. |
| Summary, etc. |
Four short stories, abridged and illustrated, by the nineteenth-century American writer best known for his tales of horror. |
| 521 1# - TARGET AUDIENCE NOTE |
| Target audience note |
Ages 11 up. |
| 650 #0 - SUBJECT ADDED ENTRY--TOPICAL TERM |
| Topical term or geographic name entry element |
Horror tales, American. |
| 650 #0 - SUBJECT ADDED ENTRY--TOPICAL TERM |
| Topical term or geographic name entry element |
Children's stories, American. |
| 650 #1 - SUBJECT ADDED ENTRY--TOPICAL TERM |
| Topical term or geographic name entry element |
Horror stories. |
| 650 #1 - SUBJECT ADDED ENTRY--TOPICAL TERM |
| Topical term or geographic name entry element |
Short stories. |
| 700 1# - ADDED ENTRY--PERSONAL NAME |
| Personal name |
Grimly, Gris, |
| Relator term |
ill. |
| 906 ## - LOCAL DATA ELEMENT F, LDF (RLIN) |
| a |
7 |
| b |
cbc |
| c |
orignew |
| d |
1 |
| e |
ecip |
| f |
20 |
| g |
y-gencatlg |
| 942 ## - ADDED ENTRY ELEMENTS (KOHA) |
| Source of classification or shelving scheme |
|
| Koha item type |
Teaching Resources |